Communicating effectively (4th ed.) (Record no. 79530)

MARC details
000 -LEADER
fixed length control field 00752nam a2200205 a 4500
008 - FIXED-LENGTH DATA ELEMENTS--GENERAL INFORMATION
fixed length control field 120416s1995 ||||||||||||||||| || u
020 ## - INTERNATIONAL STANDARD BOOK NUMBER
International Standard Book Number 0070167559
050 ## - LIBRARY OF CONGRESS CALL NUMBER
Classification number P 95 Hyb
100 ## - MAIN ENTRY--PERSONAL NAME
Personal name Hybels, Saundra
245 10 - TITLE STATEMENT
Title Communicating effectively (4th ed.)
250 ## - EDITION STATEMENT
Edition statement 4th ed.
260 ## - PUBLICATION, DISTRIBUTION, ETC.
Place of publication, distribution, etc. New York :
Name of publisher, distributor, etc. McGraw-Hill
Date of publication, distribution, etc. 1995
300 ## - PHYSICAL DESCRIPTION
Extent xxi, 485p. : ill.
350 ## -
-- 0.00
650 #0 - SUBJECT ADDED ENTRY--TOPICAL TERM
Topical term or geographic name entry element ORAL COMMUNICATION
650 ## - SUBJECT ADDED ENTRY--TOPICAL TERM
Topical term or geographic name entry element COMMUNICATION
700 ## - ADDED ENTRY--PERSONAL NAME
Personal name Weaver, Richard L., 1941-
995 ## -
-- SHORT LOAN BOOKS
-- 0.00
-- 727558
-- CBU-MAIN LIBRARY (Kitwe)
-- 3
-- 28.00
-- P 95 Hyb
-- 2
-- AVAILABLE
-- 025370
-- Short Loan Collection
995 ## -
-- SHORT LOAN BOOKS
-- 0.00
-- 727557
-- CBU-MAIN LIBRARY (Kitwe)
-- 2
-- 28.00
-- P 95 Hyb
-- 1
-- AVAILABLE
-- 025369
-- Short Loan Collection
999 ## -
-- 79530
-- 79530
Holdings
Withdrawn status Lost status Source of classification or shelving scheme Damaged status Not for loan Permanent Location Current Location Shelving location Date acquired Total Checkouts Full call number Barcode Date last seen Date last checked out Copy number Price effective from Koha item type
          CBU-MAIN LIBRARY, KITWE. CBU-MAIN LIBRARY, KITWE.   06/29/2023 2 P 95 Hyb 025370 02/04/2025 01/16/2025 1 06/29/2023 SHORT LOAN COLLECTION
          CBU-MAIN LIBRARY, KITWE. CBU-MAIN LIBRARY, KITWE.   06/29/2023   P 95 Hyb 025369 06/29/2023   2 06/29/2023 SHORT LOAN COLLECTION